00513nam a2200145Ia 4500008004100000020001800041082001500059100002600074245006800100260003200168500001400200942000700214952013100221999001500352260604s9999 xx 000 0 und d a9780226821474 a320.51 YAD aYADAV [VIKASH]935636 0aLIBERALISM'S LAST MAN: HAYEK IN THE AGE OF POLITICAL CAPITALISM bUNIVERSITY OF CHICAGO PRESS aPolitical cBK 00104070aIIMVbIIMVcGENERALd2026-06-04g3121.65l0o320.51 YADp004078r2026-06-04 10:20:21v3121.65w2026-06-04yBKBYAD c8460d8460